О пространственном распределении потока электронов при генерации сверхкороткого лавинного электронного пучка в газовом диоде; Известия Томского политехнического университета [Известия ТПУ]; Т. 312, № 2 : Математика и механика. Физика

Bibliografski detalji
Parent link:Известия Томского политехнического университета [Известия ТПУ]/ Томский политехнический университет (ТПУ).— , 2000-
Т. 312, № 2 : Математика и механика. Физика.— 2008.— [С. 129-133]
Daljnji autori: Костыря И. Д., Ломаев М. И., Тарасенко В. П. Виктор Федотович, Рыбка Д. В., Бакшт Е. Х.
Sažetak:Заглавие с титульного листа
Электронная версия печатной публикации
Исследовано пространственное распределение убегающих электронов и рентгеновского излучения, генерируемых в газовом диоде при подаче наносекундных импульсов высокого напряжения. Показано, что в газонаполненном диоде (воздух при давлении 1 ата) с резко неоднородным электрическим полем сверхкороткий (<100 пс) лавинный электронный пучок генерируется в телесный угол, превышающий 2π ср. Уменьшение зазора d между катодом и анодом приводит к уменьшению амплитуды тока пучка, генерируемого на боковые стенки газового диода. Однако ток пучка на боковую стенку газового диода регистрируется на коллектор, установленный перпендикулярно оси газового диода, и при малых зазорах (d=8 мм) межэлектродного промежутка.
Jezik:ruski
Izdano: 2008
Serija:Математика и механика. Физика
Teme:
Online pristup:http://www.lib.tpu.ru/fulltext/v/Bulletin_TPU/2008/v312/i2/29.pdf
Format: Elektronički Poglavlje knjige
KOHA link:https://koha.lib.tpu.ru/cgi-bin/koha/opac-detail.pl?biblionumber=172948

MARC

LEADER 00000nla2a2200000 4500
001 172948
005 20231031164405.0
035 |a (RuTPU)RU\TPU\book\187604 
035 |a RU\TPU\book\187603 
090 |a 172948 
100 |a 20091216d2008 k y0rusy50 ca 
101 0 |a rus 
102 |a RU 
135 |a drnn ---uucaa 
181 0 |a i  
182 0 |a b 
200 1 |a О пространственном распределении потока электронов при генерации сверхкороткого лавинного электронного пучка в газовом диоде  |b Электронный ресурс  |f И. Д. Костыря [и др.] 
203 |a Текст  |c электронный 
215 |a 1 файл (681 Кб) 
225 1 |a Математика и механика. Физика 
230 |a Электронные текстовые данные (1 файл : 681 Кб) 
300 |a Заглавие с титульного листа 
300 |a Электронная версия печатной публикации 
320 |a [Библиогр.: с. 133 (21 назв.)] 
330 |a Исследовано пространственное распределение убегающих электронов и рентгеновского излучения, генерируемых в газовом диоде при подаче наносекундных импульсов высокого напряжения. Показано, что в газонаполненном диоде (воздух при давлении 1 ата) с резко неоднородным электрическим полем сверхкороткий (<100 пс) лавинный электронный пучок генерируется в телесный угол, превышающий 2π ср. Уменьшение зазора d между катодом и анодом приводит к уменьшению амплитуды тока пучка, генерируемого на боковые стенки газового диода. Однако ток пучка на боковую стенку газового диода регистрируется на коллектор, установленный перпендикулярно оси газового диода, и при малых зазорах (d=8 мм) межэлектродного промежутка. 
337 |a Adobe Reader 
461 1 |0 (RuTPU)RU\TPU\book\176237  |t Известия Томского политехнического университета [Известия ТПУ]  |f Томский политехнический университет (ТПУ)  |d 2000- 
463 1 |0 (RuTPU)RU\TPU\book\187531  |t Т. 312, № 2 : Математика и механика. Физика  |v [С. 129-133]  |d 2008  |p 162 с. 
610 1 |a пространственное распределение 
610 1 |a потоки 
610 1 |a электроны 
610 1 |a генерация 
610 1 |a сверхкороткие лавинные электронные пучки 
610 1 |a газовые диоды 
610 1 |a рентгеновское излучение 
610 1 |a наносекундные импульсы 
610 1 |a высокое напряжение 
610 1 |a газонаполненные диоды 
610 1 |a воздух 
610 1 |a давление 
610 1 |a электрические поля 
610 1 |a телесные углы 
610 1 |a катоды 
610 1 |a аноды 
610 1 |a ток 
610 1 |a боковые стенки 
610 1 |a коллекторы 
610 1 |a зазоры 
610 1 |a межэлектродные промежутки 
610 1 |a электронный ресурс 
701 1 |a Костыря  |b И. Д. 
701 1 |a Ломаев  |b М. И. 
701 1 |a Тарасенко  |b В. П.  |c российский физик  |c профессор Томского политехнического университета, дотор физико-математических наук  |f 1946-  |g Виктор Федотович  |2 stltpush  |3 (RuTPU)RU\TPU\pers\27995 
701 1 |a Рыбка  |b Д. В. 
701 1 |a Бакшт  |b Е. Х. 
801 1 |a RU  |b 63413507  |c 20090623  |g PSBO 
801 2 |a RU  |b 63413507  |c 20211118  |g PSBO 
856 4 |u http://www.lib.tpu.ru/fulltext/v/Bulletin_TPU/2008/v312/i2/29.pdf 
942 |c CF